| 000 | 00409nam a2200169Ia 4500 | ||
|---|---|---|---|
| 100 | _aSohraby/Kazem/ Minoli/Daniel | ||
| 650 | _aWireless sensor network | ||
| 942 | _cBK | ||
| 366 | _f27 | ||
| 654 | _awireless sensor network | ||
| 245 | _aWireless sensor networks:Technology | ||
| 260 |
_bWiley India _c1991 |
||
| 082 |
_a621.382 _bSOH |
||
| 300 | _a307 | ||
| 546 |
_aENGLISH _celectronics |
||
| 999 |
_c19331 _d19331 |
||